000 00689nam a22002297a 4500
003 UA-OsUOA
001 100731
007 ta
008 20130529b un ||||| |||| 00| 0 ukr d
100 _aФейхтвангер Л.
090 _a821.182.2
_bФ36
942 _cBK
040 _aUA-OsUOA
_brus
_cUA-OsUOA
_dUA-OsUOA
245 _aБезобразная герцогиня Маргарита Маульташ; Семья Опперман
_bроманы
300 _a480 с.
955 _a3
041 _arus
080 _a821.182.2
260 _aДушанбе
_bИрфон
_c1984
650 7 _a82 Література. Літературознавство
_2UDC
999 _c386950
_d386950